Регионална библиотека "Любен Каравелов" - Русе

Христо Ботев като публицист (Запис номер 343017)

MARC детайли
000 -Лидер
Контролно поле с фиксирана дължина 00988nam a2200289 c 4500
003 - Код на организацията, давaща контролен номер
Контролно поле BLK
005 - Дата и час на последна редакция
Контролно поле 20200424132110.0
008 - Елементи от данни с фиксирана дължина
fixed length control field 180911b bul|||||r ||||||| ||bul||
010 ## - Наследен системен номер
LC control number 002678
040 ## - Източник на каталожния запис
Идентификатор на билиотеката - собственик на записа BLK
041 ## - Код за език
Код за езика на текст/звукозапис или на отделно заглавие Български
Код за езика КДБФ Български
080 ## - УДК
Текстов определител УДК Ботев, Христо
УДК определител 92
УДК - код + определител 886.7.09886.7(092)92
100 1# - Редна дума - Автор
Автор ХРИСТУ, Василе
Авторска отговорност първи автор
R(LIN) 398389
245 00 - Сведения за заглавието
Заглавие Христо Ботев като публицист
260 ## - Област на издателските данни
Място на издаване, разпространение и проч. София
Име на издателя, разпространителя и проч. Дир. на печата
Година на издаване 1949
300 ## - Физическа характеристика
Страници 51 с
Размери/Мащаб 21 см
380 ## - Жанр
Жанр Литературознание
490 ## - СЕРИИ (Колекции)
Име на серия Частна колекция - Академик Михаил Арнаудов
Бележки за серията Дарение - Основен фонд
500 ## - Общи забележки
Забележка Автограф: подпис на Василе Христу;
650 ## - Допълнително описание по предмет – тема
Основно описание – тема или топоним Биографии
9 (RLIN) 148657
650 ## - Допълнително описание по предмет – тема
Основно описание – тема или топоним Писатели
9 (RLIN) 166332
650 ## - Допълнително описание по предмет – тема
Основно описание – тема или топоним Критика
9 (RLIN) 159735
655 ## - Ключова дума – жанр/разновидност
Данни за жанр/разновидност или ключова дума за фокус българско литературознание
700 1# - Други автори (авторска отговорност)
Лично име Василе Христу
9 (RLIN) 398877
852 ## - Местоположение
Форматна сигнатура МА 2410
Фондова буква Фонд "Михаил Арнаудов"
999 ## - СИСТЕМНИ КОНТРОЛНИ НОМЕРА
Koha biblionumber 343017
Koha biblioitemnumber 343017
942 ## - АРТИКУЛИ
Вид на библиотечния материал Книги
Скрит в OPAC Не
Периодичен библиозапис Да
944 ## - СЪЗДАВАНЕ И РЕДАКЦИЯ на ЗАПИСА
Създаване/Редакция Създаване
Дата на регистрацията/редакция 1997
Служител, извършил регистрацията/редакцията GGG
999 ## - СИСТЕМНИ КОНТРОЛНИ НОМЕРА
Koha biblioitemnumber 343017
999 ## - СИСТЕМНИ КОНТРОЛНИ НОМЕРА
Koha biblioitemnumber 343017
Наличности
Код за отписване Код за изгубен артикул Източник на класификационната схема Код за повреда Коз за рестрикции Код за отдаване Артикулен № Име на библиотеката - собственик Име на библиотеката, в която се намира в момента Статус (Текущо местоположение) Местоположение - отдел Цена в лева Номерация (Хронология) Инвентарен номер Систематично азбучна сигнатура Баркод Номер на екземпляра Цена в евро Служебен тип на артикула
  Не е изгубен Universal Decimal Classification Не е повреден без рестрикции Специални фондове ( старопечатни, редки и ценни, фонд М. Арнаудов) 743159 Регионална библиотека "Любен Каравелов" Русе Регионална библиотека "Любен Каравелов" Русе Фонд "Михаил Арнаудов" Фонд "Михаил Арнаудов" 2.00 Автограф: Василе Христу 589984 МА 2410 120000589984 1 1.02 Книги
Vip Innovations Ltd, Rousse, Bulgaria 2025